Disciplines au programme des Jeux de Paris 2024 - Statistiques

Statistiques générales
  • Ce quiz a été pris 82 fois
  • Le résultat moyen est 16 sur 34
Statistiques - réponses
Calendrier Discipline sportive % Correct
24.07-10.08 Football
86%
01.08-11.08 Athlétisme
85%
27.07-11.08 Basket-ball
79%
27.07-03.08 Judo
71%
27.07-11.08 Cyclisme
68%
27.07-11.08 Volley-ball
65%
25.07-11.08 Handball
64%
24.07-30.07 Rugby à sept
62%
27.07-04.08 Tennis
62%
27.07-04.08 Escrime
59%
27.07-06.08 Équitation
56%
27.07-10.08 Tennis de table
56%
27.07-05.08 Tir
56%
27.07-30.07 Surf
53%
27.07-04.08 Tir à l'arc
53%
27.07-10.08 Canoë-kayak
50%
27.07-10.08 Gymnastique
50%
27.07-10.08 Plongeon
50%
27.07-03.08 Aviron
48%
27.07-10.08 Boxe
48%
01.08-10.08 Golf
48%
30.07-05.08 Triathlon
44%
27.07-05.08 Badminton
41%
28.07-08.08 Voile
41%
05.08-11.08 Lutte
38%
07.08-10.08 Taekwondo
38%
27.07-07.08 Skateboard
36%
27.07-09.08 Hockey sur gazon
33%
27.07-11.08 Water-polo
33%
09.08-10.08 Breaking
23%
07.08-11.08 Haltérophilie
23%
27.07-10.08 Natation sportive
8%
05.08-10.08 Escalade
0%
08.08-11.08 Pentathlon moderne
0%
Aucun quiz correspondant
Distribution des résultats
% des personnes avec chaque résultat
Percentile par nombre de réponses
Votre historique - résultats
Vous n’avez pas pris ce quiz